Spiderman's villains - Statistics

General Stats
  • This quiz has been taken 4,190 times
  • The average score is 13 of 18
Answer Stats
Hint Answer % Correct
Norman Osborne Green Goblin
98%
Eddie Brock Venom
97%
Doctor Curt Connors Lizard
93%
Flint Marko Sandman
93%
Doctor Otto Gunther Octavius Doctor Octopus
90%
Maxwell Dillon Electro
90%
Adrian Toomes Vulture
87%
Aleksei Mikhailovich Sytsevich Rhino
85%
Wilson Fisk Kingpin
83%
Quetin Beck Mysterio
83%
Cletus Kasidy Carnage
78%
Felicia Hardy Black Cat
75%
Mac Gargan Scorpion
68%
Sergei Kravinoff Kraven the Hunter
63%
Herman Schultz Shocker
61%
Dmitri Anatoly Nikolayevich Chameleon
40%
Miles Warren Jackal
27%
James Sanders Speed Demon
18%
No matching quizzes found
Score Distribution
Percent of People with Each Score
Percentile by Number Answered
Your Score History
You have not taken this quiz